Southville International School and Colleges
Your cart is empty.
  • Cart
  • Lists
    Public lists Eva Luna New books Lux_list list_1
    Your lists Log in to create your own lists
  • Log in to your account
  • Your cookies
  • Search history
Southville International School and Colleges
  • Advanced search
  • Recent comments
  • Most popular
  • Libraries

Log in to your account

Log in with GOOGLE


If you do not have an external account, but do have a local account, you can still log in:

  1. Home
  2. MARC view: Roget's student thesaurus /
Normal view MARC view ISBD view

Roget's student thesaurus / (Record no. 383)

[ view plain ]
MARC details
000 -LEADER
fixed length control field 01392pam a2200373 a 4500
001 - CONTROL NUMBER
control field 1523840
003 - CONTROL NUMBER IDENTIFIER
control field OSt
005 - DATE AND TIME OF LATEST TRANSACTION
control field 20140310181628.0
008 - FIXED-LENGTH DATA ELEMENTS--GENERAL INFORMATION
fixed length control field 900725r19911987nyua j d 001 0 eng
010 ## - LIBRARY OF CONGRESS CONTROL NUMBER
LC control number 90005094
020 ## - INTERNATIONAL STANDARD BOOK NUMBER
International Standard Book Number 0062750054 (cloth) :
Terms of availability $11.95 ($15.95 Can)
040 ## - CATALOGING SOURCE
Original cataloging agency DLC
Transcribing agency DLC
Modifying agency DLC
042 ## - AUTHENTICATION CODE
Authentication code lcac
050 10 - LIBRARY OF CONGRESS CALL NUMBER
Classification number PE1591
Item number .S35 1991
082 00 - DEWEY DECIMAL CLASSIFICATION NUMBER
Classification number 423/.1
-- 20
100 1# - MAIN ENTRY--PERSONAL NAME
Personal name Schiller, Andrew,
Dates associated with a name 1919-
240 10 - UNIFORM TITLE
Uniform title <a href="In other words, a junior thesaurus">In other words, a junior thesaurus</a>
245 10 - TITLE STATEMENT
Title Roget's student thesaurus /
Statement of responsibility, etc Andrew Schiller, William A. Jenkins.
250 ## - EDITION STATEMENT
Edition statement 1st HarperCollins ed.
260 ## - PUBLICATION, DISTRIBUTION, ETC. (IMPRINT)
Place of publication, distribution, etc New York, NY :
Name of publisher, distributor, etc HarperCollinsPublishers,
Date of publication, distribution, etc 1991.
300 ## - PHYSICAL DESCRIPTION
Extent 447 p. :
Other physical details col. ill. ;
Dimensions 24 cm.
500 ## - GENERAL NOTE
General note Reprint. Originally published: In other words, a junior thesaurus. Glenview, Ill. : Scott, Foresman, c1987.
500 ## - GENERAL NOTE
General note Includes index.
520 ## - SUMMARY, ETC.
Summary, etc An illustrated alphabetical list of words, their synonyms, antonyms, and the shades of meaning between them.
521 ## - TARGET AUDIENCE NOTE
Target audience note
Source Lexile
526 ## - STUDY PROGRAM INFORMATION NOTE
Reading level 860L
541 ## - IMMEDIATE SOURCE OF ACQUISITION NOTE
-- 1
562 ## - COPY AND VERSION IDENTIFICATION NOTE
Number of copies For circulation. 1 copy in the collection
650 #0 - SUBJECT ADDED ENTRY--TOPICAL TERM
Topical term or geographic name as entry element English language
General subdivision Synonyms and antonyms
-- Dictionaries, Juvenile.
650 #1 - SUBJECT ADDED ENTRY--TOPICAL TERM
Topical term or geographic name as entry element English language
General subdivision Synonyms and antonyms.
700 1# - ADDED ENTRY--PERSONAL NAME
Personal name Jenkins, William Atwell,
Dates associated with a name 1922-
906 ## - LOCAL DATA ELEMENT F, LDF (RLIN)
a 7
b cbc
c orignew
d 1
e ocip
f 19
g y-gencatlg
942 ## - ADDED ENTRY ELEMENTS (KOHA)
Source of classification or shelving scheme Library of Congress Classification
Koha item type
Call number prefix
Holdings
Withdrawn status Lost status Source of classification or shelving scheme Damaged status Home library Current library Shelving location Date acquired Total Checkouts Full call number Barcode Date last seen Copy number Price effective from Koha item type
    Library of Congress Classification   Luxembourg Library Luxembourg Library Reference Section 02/18/2012   PE 1591 .Sc334 1994 05177 08/13/2013 1 10/03/2013 Books

Roget's student thesaurus /

APA

Schiller A., Jenkins W. A., . (1991). Roget's student thesaurus. New York, NY: HarperCollinsPublishers.

Chicago

Schiller Andrew, Jenkins William Atwell, . 1991. Roget's student thesaurus. New York, NY: HarperCollinsPublishers.

Harvard

Schiller A., Jenkins W. A., . (1991). Roget's student thesaurus. New York, NY: HarperCollinsPublishers.

MLA

Schiller Andrew, Jenkins William Atwell, . Roget's student thesaurus. New York, NY: HarperCollinsPublishers. 1991.

  • Place hold
  • Print
  • Cite
  • Add to your cart (remove)
  • Save record
    BIBTEX Dublin Core MARCXML MARC (non-Unicode/MARC-8) MARC (Unicode/UTF-8) MARC (Unicode/UTF-8, Standard) MODS (XML) RIS
  • More searches
    Search for this title in:
    Other Libraries (WorldCat) Other Databases (Google Scholar) Online Stores (Bookfinder.com) Open Library (openlibrary.org)

Exporting to Dublin Core...

SOUTHVILLE LIBRARY

Southville International School and Colleges Library

1281 Tropical Ave. Cor. Luxembourg St., BF Homes International, Las Pinas City

Tel. No. 8256374 / 252358 Loc. 117/146

Powered by Koha